| 000 | 00658nam a2200217Ia 4500 | ||
|---|---|---|---|
| 005 | 20250508163759.0 | ||
| 008 | 008 250505s9999 xx 000 0 eng d | ||
| 020 | _a0-7619-0217-1 | ||
| 037 | _aReference | ||
| 040 |
_aFEDL _beng _cFEDL |
||
| 041 |
_aeng _2eng |
||
| 084 |
_a370.117, VOG _qFEDL |
||
| 100 | _aVogt W Paul | ||
| 245 | 0 | _aTolerance and education: Learning to live with diversity and diference | |
| 260 |
_aCalifornia, USA _bSage Publications _c1997 |
||
| 300 | _axxviii,289p | ||
| 365 |
_aUSD _b24.95 |
||
| 650 |
_aMulticultural education; Pluralism _9776320 |
||
| 942 |
_cREF _h370.117, VOG |
||
| 999 |
_c1385213 _d1385213 |
||